00715cam a22002411 4500001001300000003000400013005001700017008004100034010001700075025001900092035002000111040001800131042001200149050001500161082001300176100003200189245003600221260012900257300001800386500001700404650003500421999001700456sa 67002282 DLC20260227112330.0870318s1966 ii 000 0 eng  asa 67002282  aPL480:I-E-7527 a(OCoLC)15336965 aDLCcNRUdDLC apremarc00aDS384b.G6 a320.9/541 aGolwalkar, Madhav Sadashiv.10aNation at war.c[By Sri Guruji. aKarnatak, India,bPrakashan Vibhag, Rashtriya Swayamsevak Sangh; sole distributors: Rashtrotthana Sahitya, Bangalore,c1966] a33 p.c19 cm. aCover title. 0aIndia-Pakistan Conflict, 1965. c73176d73176